City & gender /

Guardat en:
Dades bibliogràfiques
Autor principal: Maroh, Jul
Format: Llibre
Idioma:italià
anglès
Publicat: Bologna : Renbooks, 2014
Etiquetes: Afegir etiqueta
Sense etiquetes, Sigues el primer a etiquetar aquest registre!

MARC

LEADER 00000nam a22000007i 4500
001 IT\ICCU\UBO\4180948
003 ItRI
005 20260115232316.0
008 160502s2014 it |||||| ||||| |||||c
040 |b ita  |c importazione bologna sebina 
041 7 |a ita  |a eng  |2 ISO-639-2 
100 1 |a Maroh, Jul  |0 IT\ICCU\ANAV\224164 
245 1 0 |a City & gender /  |c Julie Maroh. 
260 |a Bologna :  |b Renbooks,  |c 2014 
300 |a 32, 32 p. :  |b in gran parte ill. ;  |c 21 
500 |a Pubblicazione bifronte. 
790 1 |a Maroh, Julie  |3 IT\ICCU\RT1V\056924  |z Maroh, Jul 
942 |2 ddc  |c BK  |n 0 
952 |0 0  |1 0  |4 0  |6 F_741_594000000000000_MAR  |7 0  |9 23954  |a BO  |b BO  |d 2026-01-15  |i 17730  |l 0  |o F 741.594 MAR  |p BO17730  |r 2026-01-15 23:23:16  |w 2026-01-15  |x [Sebina 5] [1 v.]  |y BK  |z 1 v. (2. copia) 
952 |0 0  |1 0  |4 0  |6 F_741_594000000000000_MAR  |7 0  |9 23955  |a BO  |b BO  |d 2026-01-15  |i 17731  |l 0  |o F 741.594 MAR  |p BO17731  |r 2026-01-15 23:23:16  |w 2026-01-15  |x [Sebina 5] [1 v.]  |y BK  |z 1 v. 
999 |c 20400  |d 20400